| 000 | 00629cam a22002293a 4500 | ||
|---|---|---|---|
| 001 | 26585 | ||
| 003 | PGUSA | ||
| 005 | 20140828083556.0 | ||
| 008 | 080901s2008||||xxu|||||s|||||000 | eng d | ||
| 040 |
_aPGUSA _beng |
||
| 042 | _adc | ||
| 050 | 4 | _aJX | |
| 100 | 1 |
_aKant, Immanuel, _d1724-1804 |
|
| 245 | 1 | 0 |
_aPerpetual Peace : _bA Philosophic Essay _h[electronic resource] / _cImmanuel Kant |
| 260 |
_bProject Gutenberg, _c2008 |
||
| 506 | _aPublic domain in the USA. | ||
| 516 | _aElectronic text | ||
| 653 | _aPeace | ||
| 830 | 0 |
_aProject Gutenberg _v26585 |
|
| 856 | 4 | 0 | _uhttp://www.gutenberg.org/ebooks/26585 |
| 942 | _cEB | ||
| 999 |
_c255840 _d255840 |
||